तुलनात्मक लोक प्रशासन : (Record no. 119864)
[ view plain ]
| 000 -LEADER | |
|---|---|
| fixed length control field | 01332nam a22002657a 4500 |
| 005 - DATE AND TIME OF LATEST TRANSACTION | |
| control field | 20170124103149.0 |
| 010 ## - LIBRARY OF CONGRESS CONTROL NUMBER | |
| LC control number | B-083296 |
| 020 ## - INTERNATIONAL STANDARD BOOK NUMBER | |
| Terms of availability | 40.00 |
| International Standard Book Number | 8171373976 |
| 035 ## - SYSTEM CONTROL NUMBER | |
| System control number | B-083296 |
| 037 ## - SOURCE OF ACQUISITION | |
| Source of stock number/acquisition | Cen Lib/Ret |
| 040 ## - CATALOGING SOURCE | |
| Original cataloging agency | DPL |
| Language of cataloging | HN |
| 082 ## - DEWEY DECIMAL CLASSIFICATION NUMBER | |
| Classification number | 350 |
| Item number | अरोड़ा |
| 100 ## - MAIN ENTRY--PERSONAL NAME | |
| Personal name | अरोड़ा, रमेश कुमार |
| 9 (RLIN) | 9532 |
| 245 ## - TITLE STATEMENT | |
| Title | तुलनात्मक लोक प्रशासन : |
| Statement of responsibility, etc | रमेश कुमार अरोड़ा |
| Remainder of title | एक सैद्धांतिक विवेचन / |
| 246 ## - VARYING FORM OF TITLE | |
| Title proper/short title | Tulnatmak lok prashasan : ek saidhantik vivechan / |
| Remainder of title | by Ramesh Kumar Arora |
| 250 ## - EDITION STATEMENT | |
| Edition statement | तेरहव संस्करण |
| 260 ## - PUBLICATION, DISTRIBUTION, ETC. (IMPRINT) | |
| Place of publication, distribution, etc | जयपुर |
| Name of publisher, distributor, etc | राजस्थान हिन्दी ग्रन्थ अकादेमी |
| Date of publication, distribution, etc | 2002 |
| 270 ## - ADDRESS | |
| Address | प्लाट नं.1, झालाना सस्न्थानिक क्षेत्र |
| City | जयपुर |
| Postal code | 302004 |
| 300 ## - PHYSICAL DESCRIPTION | |
| Extent | 158पृ. |
| Dimensions | 21सेमी(सजिल्द) |
| 650 ## - SUBJECT ADDED ENTRY--TOPICAL TERM | |
| Topical term or geographic name as entry element | लोक प्रशासन |
| 9 (RLIN) | 4735 |
| 650 ## - SUBJECT ADDED ENTRY--TOPICAL TERM | |
| Topical term or geographic name as entry element | लोक प्रशासन--राजनितिक सन्दर्भ |
| 9 (RLIN) | 87245 |
| 650 ## - SUBJECT ADDED ENTRY--TOPICAL TERM | |
| Topical term or geographic name as entry element | Public administration |
| 9 (RLIN) | 4733 |
| 650 ## - SUBJECT ADDED ENTRY--TOPICAL TERM | |
| Topical term or geographic name as entry element | Public administration--Political context |
| 9 (RLIN) | 87246 |
| 942 ## - ADDED ENTRY ELEMENTS (KOHA) | |
| Source of classification or shelving scheme | Dewey Decimal Classification |
| Koha item type | Hindi Books |
| Classification part | 350 |
| Call number suffix | अरोड़ा |
| Withdrawn status | Lost status | Damaged status | Not for loan | Home library | Current library | Date acquired | Source of acquisition | Cost, normal purchase price | Total Checkouts | Full call number | Barcode | Date last seen | Date checked out | Copy number | Cost, replacement price | Price effective from | Koha item type |
|---|---|---|---|---|---|---|---|---|---|---|---|---|---|---|---|---|---|
| Central Library | Central Library | 19/09/2015 | Cen Lib/Ret | 40.00 | 2 | 350 अरोड़ा | B-083296 | 13/04/2021 | 07/04/2021 | 1 | 40.00 | 19/09/2015 | Hindi Books |
